Statistiche per Capitali Africane Casuali su una Mappa

Clicka qui per fare il quiz!

Statistiche generali

  • Questo quiz è stato fatto 481 volte
  • Il punteggio medio è 9 su 12

Risposte nella Mappa

Le risposte nella mappa del quiz sottostante sono codificate secondo una scala di colori dal rosso al verde in base alla % di persone che hanno risposto correttamente.
 

Statistiche sulle risposte

Capitale% Corretto
Il Cairo
98%
Rabat
98%
Addis Abeba
93%
Algeri
92%
Tunisi
91%
Mogadiscio
90%
Pretoria
89%
Dakar
87%
Kinshasa
86%
Tripoli
86%
Antananarivo
82%
Nairobi
82%
Gibuti
81%
Città del Capo
80%
Accra
78%
Port Louis
78%
Bamako
77%
Lomé
77%
Abuja
76%
Kampala
76%
São Tomé
76%
Luanda
75%
N'Djamena
75%
Yaoundé
75%
Brazzaville
74%
Freetown
73%
Kigali
72%
Monrovia
71%
Bissau
70%
Windhoek
70%
Dodoma
69%
Khartum
69%
Praia
69%
Bangui
68%
Bloemfontein
68%
Gitega
68%
Libreville
68%
Nouakchott
68%
Asmara
67%
Giuba
67%
Lusaka
67%
Moroni
66%
Ouagadougou
66%
Conakry
65%
Maputo
65%
Harare
63%
Porto-Novo | Cotonou
63%
Maseru
62%
Victoria
62%
Niamey
60%
Lilongwe
59%
Yamoussoukro
59%
Banjul
58%
Gaborone
57%
Malabo
56%
Mbabane
53%

Distribuzione punteggi

Percentile per numero di risposta

Percentuale di utenti per punteggio

I tuoi punteggi nel tempo

Non hai fatto questo quiz